Les noms de Pokémon ayant 12 caractères - Statistiques

Statistiques générales
  • Ce quiz a été pris 23 fois
    16 depuis la dernière actualisation
  • Le résultat moyen est 16 sur 19
Statistiques - réponses
Type 1 Type 2 Pokémon % Correct
Roche Electrik Epine-de-Fer
100%
Poison Normal Gribouraigne
100%
Combat Electrik Paume-de-Fer
100%
Electrik Sol Pelage-Sablé
100%
Spectre Plante Banshitrouye
94%
Spectre Fée Flotte-Mèche
94%
Glace Eau Hotte-de-Fer
94%
Plante Spectre Poltchageist
94%
Ténèbres Vol Têtes-de-Fer
94%
Plante Spectre Théffroyable
94%
Combat Glace Crabominable
88%
Plante Ténèbres Fongus-Furie
88%
Fée Combat Garde-de-fer
88%
Eau Dragon Serpente-Eau
88%
Vol Dragon Sonistrelle
75%
Feu Spectre Pierroteknik
69%
Insecte / Lilliterelle
63%
Eau / Froussardine
56%
Combat / Pandespiègle
50%
Aucun quiz correspondant
Distribution des résultats
% des personnes avec chaque résultat
Percentile par nombre de réponses
Votre historique - résultats
Vous n’avez pas pris ce quiz depuis la dernière actualisation